000
00214 a2200097 4500
001
28245
100
_a
Elsgole, L E
245
_a
Calculus of variations
260
_a
_b
Addison Wesley
_c
1962
090
_c
18860
_d
18860
942
_a
NUST-CAE
_c
M
_c
9847
999
_c
263318
_d
263318